[Event "World Blitz 2016"]
[Site "Doha QAT"]
[Date "2016.12.29"]
[Round "2.8"]
[White "Bok, Benjamin"]
[Black "Amonatov, Farrukh"]
[Result "1-0"]
[WhiteTitle "GM"]
[BlackTitle "GM"]
[WhiteElo "2598"]
[BlackElo "2620"]
[WhiteFideId "1017063"]
[BlackFideId "14700077"]
[EventDate "2016.12.29"]

1. e4 c5 2. Nf3 d6 3. d4 cxd4 4. Nxd4 Nf6 5. Nc3 a6 6. Be3 e5 7. Nf3 Qc7 8. Be2
Be7 9. a4 O-O 10. O-O h6 11. a5 Be6 12. Nd5 Nxd5 13. exd5 Bg4 14. Bb6 Qc8 15.
Nd2 Bxe2 16. Qxe2 Nd7 17. Nc4 f5 18. f4 e4 19. Kh1 Qe8 20. Bd4 Rc8 21. Ne3 Qg6
22. Rfd1 Bf6 23. b4 Bxd4 24. Rxd4 Rc3 25. Rc4 Qf6 26. Rb1 g6 27. Rxc3 Qxc3 28.
Nd1 Qa3 29. c4 Rc8 30. Ne3 Nf6 31. Kg1 Qc3 32. Qe1 Qd4 33. Rd1 Qb2 34. Rb1 Qd4
35. Rd1 Qa7 36. Kh1 Re8 37. Qc3 Kf7 38. c5 Rc8 39. Nc4 Kg7 40. Nxd6 Rd8 41. Qe5
Rd7 42. Ne8+ Kf7 43. Qe6+ Kf8 44. Nxf6 Rf7 45. Nd7+ Kg7 46. Ne5 Rc7 47. Qxg6+
Kf8 48. Qxh6+ Kg8 49. Qg6+ Rg7 50. Qxf5 Qb8 51. Qe6+ Kh8 52. d6 Qf8 53. Ng6+ 1-0

[Event "World Blitz 2016"]
[Site "Doha QAT"]
[Date "2016.12.29"]
[Round "2.9"]
[White "Tomashevsky, Evgeny"]
[Black "Zhang, Zhong"]
[Result "1-0"]
[WhiteTitle "GM"]
[BlackTitle "GM"]
[WhiteElo "2716"]
[BlackElo "2645"]
[WhiteFideId "4147235"]
[BlackFideId "8600694"]
[EventDate "2016.12.29"]

1. c4 e6 2. Nc3 d5 3. d4 Bb4 4. a3 Bxc3+ 5. bxc3 Nf6 6. e3 O-O 7. cxd5 exd5 8.
Bd3 Bg4 9. Ne2 Bh5 10. f3 Bg6 11. O-O Re8 12. Nf4 Bxd3 13. Qxd3 c5 14. Rb1 b6
15. dxc5 bxc5 16. c4 dxc4 17. Qxc4 Nbd7 18. e4 Qc7 19. Be3 Rac8 20. Rfd1 Nb6 21.
Qc3 Nfd7 22. Nd5 Qc6 23. Rbc1 Qa4 24. h3 h6 25. Bf2 Qc6 26. Rd2 Qa4 27. Rdd1 Qc6
28. Qa5 Qa4 29. Qxa4 Nxa4 30. Rc2 Ndb6 31. Nc3 Nxc3 32. Rxc3 c4 33. Rdc1 Re5 34.
Bxb6 axb6 35. Rxc4 Rxc4 36. Rxc4 Ra5 37. Rc3 Rb5 38. h4 h5 39. Kh2 g6 40. Kg3
Kg7 41. Kf4 Rb2 42. g3 b5 43. e5 b4 44. axb4 Rxb4+ 45. Ke3 Rb2 46. Rd3 Ra2 47.
Ke4 Ra4+ 48. Rd4 Ra2 49. Rd7 Kf8 50. Kf4 Re2 51. Ra7 Kg7 52. Ra4 Re1 53. Re4 Rb1
54. Rd4 Re1 55. Re4 Rb1 56. g4 hxg4 57. fxg4 Rh1 58. Kg5 Rb1 59. h5 gxh5 60.
gxh5 Rb5 61. h6+ Kg8 62. Kf5 Rb6 63. Rg4+ Kh8 64. Rg7 Rxh6 65. Rxf7 Kg8 66. e6
Rh1 67. Kf6 Re1 68. Rg7+ Kf8 69. e7+ Ke8 70. Rg8+ Kd7 71. Rd8+ 1-0

[Event "World Blitz 2016"]
[Site "Doha QAT"]
[Date "2016.12.29"]
[Round "2.11"]
[White "Adly, Ahmed"]
[Black "Jumabayev, Rinat"]
[Result "1-0"]
[WhiteTitle "GM"]
[BlackTitle "GM"]
[WhiteElo "2599"]
[BlackElo "2611"]
[WhiteFideId "10601619"]
[BlackFideId "13702661"]
[EventDate "2016.12.29"]

1. d4 Nf6 2. Nf3 g6 3. c4 Bg7 4. g3 c5 5. Bg2 Qa5+ 6. Qd2 Qxd2+ 7. Nbxd2 O-O 8.
dxc5 Na6 9. Nb3 Ne4 10. O-O Naxc5 11. Nfd4 d6 12. Be3 a5 13. Nxc5 Nxc5 14. Rac1
a4 15. Rfd1 Bd7 16. Rc2 Rfc8 17. h3 Ra6 18. Nb5 Bf5 19. Rcd2 Ne4 20. Bxe4 Bxe4
21. c5 Bc6 22. Nd4 d5 23. f4 e5 24. fxe5 Bxe5 25. Bf4 Bf6 26. e3 Re8 27. Kf2 Ra5
28. Bd6 Bg5 29. Re1 Re4 30. Rc2 Ra8 31. Bf4 Bf6 32. Rd1 Rae8 33. Rc3 Kg7 34. b4
axb3 35. axb3 h6 36. b4 Bd7 37. h4 Ra8 38. Rd2 Ra1 39. Rcc2 Rb1 40. c6 bxc6 41.
Nxc6 g5 42. hxg5 hxg5 43. Bd6 Be6 44. Nd4 Bg4 45. Bc5 Re8 46. Rb2 Ra1 47. Ra2
Rb1 48. Rab2 Ra1 49. Ra2 Rh1 50. Nf3 Reh8 51. Bd4 Bxd4 52. exd4 f6 53. b5 Bf5
54. b6 Rb8 55. Rdb2 Kg6 56. b7 Rh7 57. Ra7 Be4 58. g4 Rc7 59. Nd2 Bd3 60. Nf3
Kf7 61. Ke3 Bg6 62. Nd2 Ke7 63. Rb6 Be8 64. Nb3 Rc6 65. Rb4 Kd6 66. Ra8 Kc7 67.
Nc5 Rxc5 68. dxc5 Bc6 69. Rb6 Rxa8 70. bxa8=Q Bxa8 71. Rxf6 Bc6 72. Rf5 Kd7 73.
Re5 Bb7 74. Kd4 Bc6 75. Rxg5 Ke7 76. Rf5 1-0

[Event "World Blitz 2016"]
[Site "Doha QAT"]
[Date "2016.12.29"]
[Round "2.13"]
[White "Yu, Yangyi"]
[Black "Adhiban, Baskaran"]
[Result "1/2-1/2"]
[WhiteTitle "GM"]
[BlackTitle "GM"]
[WhiteElo "2729"]
[BlackElo "2666"]
[WhiteFideId "8603820"]
[BlackFideId "5018471"]
[EventDate "2016.12.29"]

1. e4 c5 2. Nf3 g6 3. d4 cxd4 4. Nxd4 Nc6 5. Nc3 Bg7 6. Be3 Nf6 7. Nxc6 dxc6 8.
Qxd8+ Kxd8 9. O-O-O+ Ke8 10. Bd4 Nh5 11. Bxg7 Nxg7 12. h4 e5 13. g3 Ke7 14. Be2
h5 15. a4 a5 16. b3 Ne6 17. Kb2 Nd4 18. Rd2 Bg4 19. Bxg4 hxg4 20. Rhd1 Rad8 21.
Nb1 Ne2 22. Na3 Rxd2 23. Rxd2 Nd4 24. Nc4 Nf3 25. Rd1 Ra8 26. Ne3 Ke6 27. Nxg4
b5 28. axb5 cxb5 29. Rd3 Nd4 30. f4 f6 31. c3 Nc6 32. Ne3 exf4 33. gxf4 Rh8 34.
Rd5 Rxh4 35. f5+ gxf5 36. exf5+ Kf7 37. Rxb5 Ne5 38. Rxa5 Rf4 39. Ra7+ Kf8 40.
Ra6 Kf7 41. Ra7+ Kf8 42. Ra6 Kf7 43. b4 Rf3 44. Nd5 Rxf5 45. Kb3 Nd3 46. c4 Rf1
47. Ka4 f5 48. Kb5 f4 49. c5 f3 50. Rf6+ Kg7 51. c6 f2 52. Rf3 Rc1 53. Ne3 Rxc6
54. Rg3+ Rg6 55. Rxg6+ Kxg6 56. Kc4 Nxb4 57. Kxb4 1/2-1/2

[Event "World Blitz 2016"]
[Site "Doha QAT"]
[Date "2016.12.29"]
[Round "2.14"]
[White "Leko, Peter"]
[Black "Dreev, Aleksey"]
[Result "0-1"]
[WhiteTitle "GM"]
[BlackTitle "GM"]
[WhiteElo "2693"]
[BlackElo "2652"]
[WhiteFideId "703303"]
[BlackFideId "4100107"]
[EventDate "2016.12.29"]

1. e4 c6 2. d4 d5 3. e5 Bf5 4. Nf3 e6 5. Be2 c5 6. Be3 cxd4 7. Nxd4 Ne7 8. O-O
Nbc6 9. Bb5 a6 10. Bxc6+ Nxc6 11. Nxf5 exf5 12. f4 Qa5 13. Nd2 Bc5 14. Bf2 Rd8
15. Nb3 Bxf2+ 16. Rxf2 Qb6 17. Qd3 O-O 18. Qxf5 f6 19. e6 Rfe8 20. Re1 Rd6 21.
Qh3 a5 22. c3 a4 23. Nd2 Rdd8 24. Nf3 d4 25. cxd4 Nxd4 26. Nxd4 Rxd4 27. Qe3 f5
28. e7 Qd6 29. Qe5 Qxe5 30. Rxe5 g6 31. g3 Kf7 32. Rfe2 Rd7 33. Kf2 Rexe7 34.
Rxe7+ Rxe7 35. Rxe7+ Kxe7 36. Ke3 Kd6 37. Kd4 b6 38. Kc4 Kc6 39. b4 axb3 40.
axb3 b5+ 41. Kd4 Kd6 42. b4 h6 43. h3 g5 44. fxg5 hxg5 45. h4 f4 46. gxf4 gxh4
47. Ke4 Ke6 48. f5+ Kf6 49. Kf4 h3 0-1

[Event "World Blitz 2016"]
[Site "Doha QAT"]
[Date "2016.12.29"]
[Round "2.15"]
[White "Quparadze, Giga"]
[Black "Morozevich, Alexander"]
[Result "1-0"]
[WhiteTitle "IM"]
[BlackTitle "GM"]
[WhiteElo "2481"]
[BlackElo "2676"]
[WhiteFideId "13602250"]
[BlackFideId "4116992"]
[EventDate "2016.12.29"]

1. e4 e6 2. d4 d5 3. Nd2 c5 4. Ngf3 cxd4 5. Nxd4 a6 6. e5 Ne7 7. N2f3 Nbc6 8. c3
Qc7 9. Nxc6 Nxc6 10. Bf4 f6 11. Qe2 Bc5 12. Bg3 Qf7 13. exf6 Qxf6 14. O-O-O O-O
15. Qc2 Bd7 16. Bd3 h6 17. Kb1 Rac8 18. Qe2 Rce8 19. Bc2 a5 20. Qd3 g6 21. Nh4
Rf7 22. Nxg6 e5 23. Qxd5 b6 24. Rhe1 Bf5 25. Nxe5 Bxc2+ 26. Kxc2 Nxe5 27. Rxe5
Rxe5 28. Qxe5 Qxe5 29. Bxe5 Rxf2+ 30. Rd2 Rf5 31. Bd4 Kf7 32. Bxc5 bxc5 33. Kb3
Rf4 34. c4 Ke6 35. Ka4 Rxc4+ 36. Kxa5 Rb4 37. a3 Rb3 38. Ka4 c4 39. g4 Ke5 40.
Rf2 Rb8 41. h4 Kd4 42. g5 hxg5 43. hxg5 Ra8+ 44. Kb5 Rb8+ 45. Kc6 Rc8+ 46. Kd6
Ke3 47. Rg2 Kf3 48. Rg1 Kf2 49. Rc1 Rg8 50. Rxc4 Rxg5 51. a4 Ke3 52. b4 Kd3 53.
Rh4 Kc3 54. b5 Kb3 55. Kc6 Rg6+ 56. Kb7 Rg7+ 57. Ka6 1-0

[Event "World Blitz 2016"]
[Site "Doha QAT"]
[Date "2016.12.29"]
[Round "2.16"]
[White "Vitiugov, Nikita"]
[Black "Aleksandrov, Aleksej"]
[Result "0-1"]
[WhiteTitle "GM"]
[BlackTitle "GM"]
[WhiteElo "2726"]
[BlackElo "2574"]
[WhiteFideId "4152956"]
[BlackFideId "13500139"]
[EventDate "2016.12.29"]

1. d4 Nf6 2. Bg5 e6 3. Nd2 h6 4. Bh4 c5 5. e4 d5 6. exd5 Qxd5 7. Ngf3 Be7 8. Bc4
Qh5 9. dxc5 Qxc5 10. Qe2 Nc6 11. Nb3 Qb6 12. O-O-O Bd7 13. Rhe1 a6 14. Bg3 O-O
15. Ne5 Nxe5 16. Bxe5 Bb5 17. Bxb5 axb5 18. Bd4 Qc6 19. Kb1 Qxg2 20. Qxb5 Rfc8
21. Rg1 Qc6 22. Qxc6 Rxc6 23. Rd3 g6 24. Rh3 h5 25. c3 b5 26. a3 Rd8 27. Nc1 Rd5
28. Nd3 Rc8 29. Rf3 Ne4 30. Re3 Nd6 31. Nb4 Rf5 32. f3 Nc4 33. Rd3 h4 34. Ka2
Ne5 35. Bxe5 Rxe5 36. Rg2 Rf5 37. Kb3 Kg7 38. Nc2 Bf6 39. Rg4 Re5 40. Re3 Rd5
41. Nb4 Rd2 42. h3 Rcd8 43. Nc6 R8d5 44. a4 bxa4+ 45. Rxa4 Rh2 46. f4 Rdd2 47.
Ra7 Rxb2+ 48. Kc4 Rbf2 49. Rxe6 Rxf4+ 50. Kc5 Rxh3 51. c4 Rc3 52. Re8 Rfxc4+ 0-1

[Event "World Blitz 2016"]
[Site "Doha QAT"]
[Date "2016.12.29"]
[Round "2.18"]
[White "Ganguly, Surya Shekhar"]
[Black "Matlakov, Maxim"]
[Result "1-0"]
[WhiteTitle "GM"]
[BlackTitle "GM"]
[WhiteElo "2668"]
[BlackElo "2694"]
[WhiteFideId "5002150"]
[BlackFideId "4168003"]
[EventDate "2016.12.29"]

1. e4 e5 2. Nf3 Nc6 3. Bc4 Bc5 4. O-O Nf6 5. d3 O-O 6. h3 d6 7. c3 a6 8. Re1 Ba7
9. Bb3 Ne7 10. Nbd2 Ng6 11. Nf1 Re8 12. Ng3 Be6 13. Bc2 h6 14. d4 c5 15. Be3
cxd4 16. cxd4 b5 17. a4 b4 18. a5 Qb8 19. Ba4 Rc8 20. d5 Bd7 21. Bxd7 Nxd7 22.
Nf5 Nf6 23. Qd3 Kh7 24. Rac1 Ne8 25. Bxh6 gxh6 26. Qd2 Nf4 27. g3 Rxc1 28. Rxc1
Nf6 29. gxf4 Qg8+ 30. Kf1 Nxe4 31. Qc2 Qg6 32. Qxe4 Kh8 33. Rc7 exf4 34. Qxf4 1-0

[Event "World Blitz 2016"]
[Site "Doha QAT"]
[Date "2016.12.29"]
[Round "2.19"]
[White "Tari, Aryan"]
[Black "Wojtaszek, Radoslaw"]
[Result "0-1"]
[WhiteTitle "GM"]
[BlackTitle "GM"]
[WhiteElo "2584"]
[BlackElo "2749"]
[WhiteFideId "1510045"]
[BlackFideId "1118358"]
[EventDate "2016.12.29"]

1. c4 Nf6 2. Nc3 e5 3. Nf3 Nc6 4. g3 Bc5 5. Bg2 d6 6. O-O O-O 7. e3 Bf5 8. b3
Qd7 9. d4 exd4 10. Nxd4 Bh3 11. Bb2 Bxd4 12. exd4 Rae8 13. Qd3 h5 14. Rfe1 Bxg2
15. Kxg2 h4 16. Ne4 h3+ 17. Kf1 Nxe4 18. Rxe4 Nb4 19. Qe2 Rxe4 20. Qxe4 Re8 21.
Qf3 d5 22. Bc3 Nc6 23. Qxd5 Qg4 24. Re1 Rxe1+ 25. Kxe1 Qg6 26. Qf3 Qb1+ 27. Qd1
Qe4+ 28. Qe2 Qh1+ 29. Kd2 Qxh2 30. d5 Nd8 31. Qe8+ Kh7 32. Qxd8 Qxf2+ 33. Kc1 f6
34. Qd7 Qf1+ 35. Kb2 h2 36. Qxc7 h1=Q 0-1

[Event "World Blitz 2016"]
[Site "Doha QAT"]
[Date "2016.12.29"]
[Round "2.20"]
[White "Cheparinov, Ivan"]
[Black "Agdestein, Simen"]
[Result "1/2-1/2"]
[WhiteTitle "GM"]
[BlackTitle "GM"]
[WhiteElo "2689"]
[BlackElo "2602"]
[WhiteFideId "2905540"]
[BlackFideId "1500015"]
[EventDate "2016.12.29"]

1. d4 e6 2. Nf3 f5 3. g3 Nf6 4. Bg2 d5 5. O-O Bd6 6. c4 c6 7. b3 Qe7 8. a4 a5 9.
Ba3 b6 10. Bxd6 Qxd6 11. Nbd2 O-O 12. e3 Nbd7 13. Qc2 Ba6 14. Rfc1 Rac8 15. Qb2
c5 16. Ne5 Ne4 17. Ndf3 cxd4 18. exd4 f4 19. Rc2 fxg3 20. hxg3 Nef6 21. Re1 Rfe8
22. Re3 Bb7 23. Nxd7 Nxd7 24. Ng5 Nf8 25. Qc1 Rc7 26. cxd5 Rxc2 27. Qxc2 Bxd5
28. Be4 h6 29. Nf3 Bxe4 30. Rxe4 Nd7 31. Qc4 Nf6 32. Re1 Qd5 33. Ne5 Qxc4 34.
bxc4 Rd8 35. Rb1 Rxd4 36. Rxb6 Nd7 37. Nxd7 Rxd7 38. Rxe6 Rd1+ 39. Kg2 Ra1 40.
Kf3 Kf7 41. Rc6 Rxa4 42. Ke4 Ra2 43. f4 a4 44. Kf5 a3 45. Rc7+ Kf8 46. Ra7 Ra1
47. Kg6 a2 48. Ra8+ Ke7 49. Kxg7 Rg1 50. Rxa2 Rxg3+ 51. Kxh6 Kf6 52. Ra6+ Kf5
53. c5 Rc3 54. c6 Kxf4 55. Kg6 Ke5 1/2-1/2

[Event "World Blitz 2016"]
[Site "Doha QAT"]
[Date "2016.12.29"]
[Round "2.21"]
[White "Salinas Herrera, Pablo"]
[Black "Bosiocic, Marin"]
[Result "0-1"]
[WhiteTitle "IM"]
[BlackTitle "GM"]
[WhiteElo "2466"]
[BlackElo "2591"]
[WhiteFideId "3407128"]
[BlackFideId "14507927"]
[EventDate "2016.12.29"]

1. Nf3 Nf6 2. c4 b6 3. Nc3 Bb7 4. e3 e6 5. d4 Bb4 6. Bd3 Ne4 7. O-O Bxc3 8. bxc3
f5 9. Nd2 Nxd2 10. Bxd2 O-O 11. f3 d6 12. Qe2 e5 13. Kh1 Nd7 14. Rab1 Qe7 15. e4
f4 16. Be1 c5 17. Bf2 h5 18. a4 a5 19. Rb2 Bc6 20. Bc2 g5 21. g3 Kh7 22. Rg1 Rg8
23. g4 hxg4 24. Rxg4 Nf6 25. Rg1 Ra6 26. Bd1 Bd7 27. Qe1 Qg7 28. dxc5 dxc5 29.
Rd2 Qe7 30. Rd3 Be6 31. Rd5 Nxd5 32. cxd5 Bd7 33. Qe2 Raa8 34. c4 Qd6 35. Be1
Rg6 36. Bc3 Rag8 37. Qb2 g4 38. Bxe5 gxf3 39. Rf1 f2 0-1

[Event "World Blitz 2016"]
[Site "Doha QAT"]
[Date "2016.12.29"]
[Round "2.22"]
[White "Sanal, Vahap"]
[Black "Kozul, Zdenko"]
[Result "0-1"]
[WhiteTitle "GM"]
[BlackTitle "GM"]
[WhiteElo "2474"]
[BlackElo "2613"]
[WhiteFideId "6300545"]
[BlackFideId "14502879"]
[EventDate "2016.12.29"]

1. e4 c5 2. Nf3 d6 3. d4 cxd4 4. Nxd4 Nf6 5. Nc3 Nc6 6. Bg5 e6 7. Qd2 a6 8.
O-O-O Bd7 9. f3 Be7 10. Be3 O-O 11. g4 Nxd4 12. Bxd4 Bc6 13. h4 Nd7 14. Kb1 b5
15. h5 h6 16. Qg2 b4 17. Ne2 Qa5 18. Nc1 Rfc8 19. Rg1 Bg5 20. Qg3 e5 21. Bf2 Qc7
22. Bd3 Nc5 23. Bxc5 dxc5 24. Bc4 Bb5 25. Bd5 Rab8 26. Nd3 Re8 27. Qf2 Rbc8 28.
b3 c4 29. Nb2 cxb3 30. axb3 Qc3 31. Rh1 Be3 32. Qg2 Bd4 33. Rxd4 exd4 34. g5 d3
35. cxd3 Bxd3+ 36. Ka2 Rc5 37. g6 Ra5+ 38. Na4 Rxa4+ 0-1

[Event "World Blitz 2016"]
[Site "Doha QAT"]
[Date "2016.12.29"]
[Round "2.23"]
[White "Aronian, Levon"]
[Black "Grandelius, Nils"]
[Result "0-1"]
[WhiteTitle "GM"]
[BlackTitle "GM"]
[WhiteElo "2785"]
[BlackElo "2643"]
[WhiteFideId "13300474"]
[BlackFideId "1710400"]
[EventDate "2016.12.29"]

1. c4 e6 2. g3 d5 3. Bg2 dxc4 4. Nf3 a6 5. O-O Nc6 6. Na3 Bxa3 7. bxa3 e5 8. Rb1
Nge7 9. Qc2 Bf5 10. e4 Bg4 11. Rxb7 Bxf3 12. Bxf3 Nd4 13. Qc3 O-O 14. Rb4 Nc8
15. Rxc4 Nd6 16. Rxd4 exd4 17. Qc5 Rb8 18. a4 d3 19. Re1 Re8 20. Kg2 a5 21. Qxa5
Nc4 22. Qc3 Ne5 23. Bd1 Qd7 24. h3 h6 25. f4 Ng6 26. Bb3 Rbd8 27. Bb2 Ne5 28.
fxe5 Qe7 29. Rf1 Rf8 30. Rf3 Qg5 31. Rxd3 Rxd3 32. Qxd3 Rd8 33. Qe3 Rxd2+ 34.
Kf3 Qh5+ 35. Kf4 Qg5+ 36. Kf3 Qh5+ 37. Kf4 g5+ 38. Kf5 Qg6+ 39. Kg4 h5+ 40. Kf3
g4+ 41. Kf4 Qh6+ 0-1

[Event "World Blitz 2016"]
[Site "Doha QAT"]
[Date "2016.12.29"]
[Round "2.26"]
[White "Kayumov, Sergey"]
[Black "Mamedov, Rauf"]
[Result "0-1"]
[WhiteTitle "GM"]
[BlackTitle "GM"]
[WhiteElo "2505"]
[BlackElo "2688"]
[WhiteFideId "14200880"]
[BlackFideId "13401653"]
[EventDate "2016.12.29"]

1. d4 d6 2. Nf3 g6 3. Bf4 Bg7 4. e3 Nf6 5. h3 O-O 6. Be2 Nbd7 7. O-O c5 8. c3 b6
9. Bh2 Bb7 10. a4 a6 11. Nbd2 Qc7 12. Rc1 Rfe8 13. Qb3 Bd5 14. Bc4 Bxc4 15. Nxc4
Rab8 16. Ng5 Rf8 17. Ra1 h6 18. Nf3 Rfc8 19. Ncd2 Qc6 20. Rfe1 Ne4 21. d5 Nxd2
22. dxc6 Nxb3 23. cxd7 Rd8 24. Rad1 Rxd7 25. e4 Rbd8 26. Kf1 Na5 27. g4 Nc4 28.
Re2 b5 29. axb5 axb5 30. Ra1 Rb7 31. e5 b4 32. exd6 exd6 33. Rc1 bxc3 34. bxc3
Rb3 35. Nd2 Nxd2+ 36. Rxd2 d5 37. c4 d4 38. Kg2 Bf6 39. f4 Re8 40. Bg3 Ree3 41.
Bf2 Rxh3 42. Re1 Bh4 43. Re8+ Kg7 44. Bxh4 Rxh4 45. Rc8 Rxg4+ 46. Kh2 Rxf4 47.
Rxc5 Rc3 48. Rc8 d3 49. c5 Rc2 0-1

[Event "World Blitz 2016"]
[Site "Doha QAT"]
[Date "2016.12.29"]
[Round "2.28"]
[White "Korobov, Anton"]
[Black "Mchedlishvili, Mikheil"]
[Result "1-0"]
[WhiteTitle "GM"]
[BlackTitle "GM"]
[WhiteElo "2692"]
[BlackElo "2601"]
[WhiteFideId "14105730"]
[BlackFideId "13600966"]
[EventDate "2016.12.29"]

1. d4 d6 2. Nf3 g6 3. c4 Bg7 4. Nc3 Bg4 5. e3 Nf6 6. Be2 O-O 7. O-O Nc6 8. d5
Bxf3 9. Bxf3 Ne5 10. Be2 c6 11. e4 Rc8 12. Qb3 Qc7 13. Be3 Ned7 14. Rac1 Nc5 15.
Qc2 Rfe8 16. Rfd1 Ncd7 17. Qd2 a6 18. h3 Rcd8 19. f4 Rc8 20. b3 Qb8 21. Bf3 cxd5
22. cxd5 Rc7 23. Ne2 Rec8 24. Rxc7 Rxc7 25. g4 Qc8 26. Rc1 h6 27. Kg2 Nh7 28. h4
g5 29. hxg5 hxg5 30. fxg5 Ne5 31. Rxc7 Qxc7 32. Ng3 Nf8 33. Nf5 Nfg6 34. Be2 Bf8
35. Qc1 Qxc1 36. Bxc1 e6 37. Nd4 exd5 38. exd5 Nd7 39. Kf3 Nge5+ 40. Ke4 Nc5+
41. Kf5 Ncd7 42. Bf4 Bg7 43. Nf3 Nxf3 44. Bxf3 Be5 45. Be3 Kg7 46. Be2 Bc3 47.
a4 a5 48. Bb5 Ne5 49. Bb6 Ng6 50. Bc7 Bb4 51. Bd8 Kf8 52. Bf6 Ne7+ 53. Ke4 Ng6
54. Bd7 Bc5 55. Bf5 Ne7 56. Bh7 Bb4 57. Kd4 Bc5+ 58. Kc4 b6 59. Bf5 Ke8 60. Be4
Ng8 61. Bd4 Bxd4 62. Kxd4 Ne7 63. Kc4 Kd8 64. Kb5 Kc7 65. Ka6 Ng8 66. g6 fxg6
67. Bxg6 Nf6 68. g5 Nxd5 69. Bf7 Nb4+ 70. Kb5 Nc6 71. g6 Nd4+ 72. Ka6 Nf5 73.
Bd5 Ng7 74. Kb5 Nf5 75. Be4 Ng7 76. Kc4 Ne6 77. Bd3 Ng7 78. Kd5 Nh5 79. Ke6 Nf4+
80. Kf6 d5 81. Be2 1-0

[Event "World Blitz 2016"]
[Site "Doha QAT"]
[Date "2016.12.29"]
[Round "2.29"]
[White "Nguyen, Ngoc Truong Son"]
[Black "Debashis, Das"]
[Result "1/2-1/2"]
[WhiteTitle "GM"]
[BlackTitle "GM"]
[WhiteElo "2629"]
[BlackElo "2472"]
[WhiteFideId "12401110"]
[BlackFideId "5024854"]
[EventDate "2016.12.29"]

1. d4 Nf6 2. Nf3 e6 3. Bf4 c5 4. e3 Nc6 5. Nbd2 d5 6. c3 Be7 7. Bd3 Nh5 8. Be5
Nxe5 9. Nxe5 g6 10. O-O O-O 11. dxc5 Bxc5 12. c4 Nf6 13. cxd5 exd5 14. h3 Re8
15. Nef3 Be6 16. Rc1 Bb6 17. Nb3 Qd6 18. Nbd4 a6 19. Qb3 Rab8 20. Rfd1 Bc7 21.
Qc3 Rbc8 22. Nb5 axb5 23. Qxf6 b4 24. Rc2 Bb8 25. Rdc1 Rxc2 26. Rxc2 Qe7 27.
Qxe7 Rxe7 28. Kf1 Rc7 29. Rxc7 Bxc7 30. Nd4 Bb6 31. Ke2 Kf8 32. Kd2 Bxd4 33.
exd4 Bd7 34. a3 bxa3 35. bxa3 Ke7 36. Kc3 Kd6 37. Kb4 b6 38. Bb5 Be6 39. h4 h6
40. f4 f6 41. g3 g5 42. fxg5 fxg5 43. Be8 Kc7 44. Bb5 Kd6 45. Be8 Kc7 46. Bb5
Kd6 47. Bd3 Kc6 48. Kc3 Kd6 49. Kb4 Kc6 1/2-1/2

[Event "World Blitz 2016"]
[Site "Doha QAT"]
[Date "2016.12.29"]
[Round "2.30"]
[White "Naiditsch, Arkadij"]
[Black "Stratonowitsch, Andre"]
[Result "1-0"]
[WhiteTitle "GM"]
[WhiteElo "2687"]
[BlackElo "2138"]
[WhiteFideId "4650891"]
[BlackFideId "24613959"]
[EventDate "2016.12.29"]

1. e4 c5 2. Nf3 e6 3. d4 cxd4 4. Nxd4 Nc6 5. Nc3 Qc7 6. f4 a6 7. Nxc6 bxc6 8.
Bd3 d5 9. O-O Bc5+ 10. Kh1 Nf6 11. e5 Nd7 12. Qg4 O-O 13. Bd2 f5 14. exf6 Nxf6
15. Qh4 Be7 16. Qf2 c5 17. Rae1 c4 18. Be2 Bc5 19. Be3 Bd6 20. Bf3 Bb7 21. Bb6
Qd7 22. Bc5 Rae8 23. Bxd6 Qxd6 24. Qd4 Nd7 25. Bg4 Nc5 26. Re5 Rf6 27. Rfe1 Ref8
28. g3 Bc8 29. Kg1 Qb6 30. b3 cxb3 31. axb3 Kf7 32. R5e3 Nd7 33. Ne2 Qd6 34. Nc1
Nc5 35. b4 Nd7 36. Bxe6+ Ke7 37. Bxd7+ Kxd7 38. Nd3 Kc7 1-0

[Event "World Blitz 2016"]
[Site "Doha QAT"]
[Date "2016.12.29"]
[Round "2.31"]
[White "Anton Guijarro, David"]
[Black "Banikas, Hristos"]
[Result "1-0"]
[WhiteTitle "GM"]
[BlackTitle "GM"]
[WhiteElo "2650"]
[BlackElo "2568"]
[WhiteFideId "2285525"]
[BlackFideId "4202031"]
[EventDate "2016.12.29"]

1. d4 Nf6 2. c4 e6 3. Nf3 b6 4. e3 Bb7 5. Bd3 d5 6. O-O Be7 7. b3 O-O 8. Bb2 c5
9. Nc3 cxd4 10. exd4 Nc6 11. Rc1 Rc8 12. Re1 g6 13. cxd5 Nxd5 14. Nxd5 Qxd5 15.
Be4 Qd7 16. d5 exd5 17. Qxd5 Qxd5 18. Bxd5 Bb4 19. Red1 Na5 20. Bxb7 Nxb7 21.
Ne5 Rxc1 22. Rxc1 Nc5 23. h4 Re8 24. Rd1 f5 25. Kf1 Ba3 26. Bxa3 Rxe5 27. Bb2
Re7 28. f3 Kf7 29. Kf2 Rd7 30. Rxd7+ Nxd7 31. Ke3 Ke6 32. Kf4 Nc5 33. Kg5 Nd3
34. Bc3 Kf7 35. a4 a6 36. Bd4 b5 37. axb5 axb5 38. g3 Ne1 39. Kf4 Ng2+ 40. Ke5
Ne1 41. f4 Nd3+ 42. Kd5 Nc1 43. b4 Ne2 44. Bf2 h6 45. Kc6 Nc3 46. Be1 Ne4 47.
Kxb5 Ke8 48. Kc6 Kd8 49. b5 g5 50. fxg5 hxg5 51. h5 Nf6 52. h6 Ke7 53. b6 Nd7
54. b7 Nb8+ 55. Kc7 Na6+ 56. Kb6 Nb8 57. h7 1-0

[Event "World Blitz 2016"]
[Site "Doha QAT"]
[Date "2016.12.29"]
[Round "2.32"]
[White "Jakovenko, Dmitry"]
[Black "Belyakov, Bogdan"]
[Result "1-0"]
[WhiteTitle "GM"]
[BlackTitle "IM"]
[WhiteElo "2704"]
[BlackElo "2487"]
[WhiteFideId "4122356"]
[BlackFideId "24104795"]
[EventDate "2016.12.29"]

1. d4 Nf6 2. c4 g6 3. Nc3 Bg7 4. e4 O-O 5. Nf3 d6 6. h3 e5 7. d5 a5 8. g4 Na6 9.
Be3 Nd7 10. a3 Kh8 11. h4 f5 12. h5 f4 13. Bd2 g5 14. h6 Bf6 15. Rb1 Nb6 16. Rg1
Nc5 17. b4 axb4 18. axb4 Nca4 19. Bd3 Bd7 20. Ne2 Rg8 21. Qc2 Qe7 22. Rc1 Nc8
23. c5 Qf8 24. cxd6 cxd6 25. Qc7 Nab6 26. Qxb7 Ra7 27. Qb8 Bd8 28. Bc3 Ra8 29.
Qb7 Ra7 30. Qb8 Bc7 31. Nxe5 dxe5 32. Qxc7 Rg6 33. Qxe5+ Kg8 34. Qh8+ Kf7 35.
Qxh7+ 1-0

[Event "World Blitz 2016"]
[Site "Doha QAT"]
[Date "2016.12.29"]
[Round "2.33"]
[White "Artemiev, Vladislav"]
[Black "Halkias, Stelios"]
[Result "1-0"]
[WhiteTitle "GM"]
[BlackTitle "GM"]
[WhiteElo "2653"]
[BlackElo "2585"]
[WhiteFideId "24101605"]
[BlackFideId "4201809"]
[EventDate "2016.12.29"]

1. d4 Nf6 2. Nf3 e6 3. Bf4 d5 4. e3 Bd6 5. Nbd2 O-O 6. c3 c5 7. Bg3 b6 8. a4 Nc6
9. Bb5 Ne7 10. Bd3 Bb7 11. Bxd6 Qxd6 12. Ne5 Ne4 13. a5 f6 14. Nef3 Ng6 15. O-O
f5 16. g3 Bc6 17. axb6 axb6 18. Qc2 c4 19. Be2 b5 20. b3 h6 21. Rfb1 Rfb8 22.
Nxe4 fxe4 23. Nd2 Ne7 24. Bg4 e5 25. bxc4 bxc4 26. Rxb8+ Rxb8 27. Ra7 exd4 28.
exd4 Kh8 29. Nf1 Ra8 30. Rxa8+ Bxa8 31. Ne3 Qa3 32. Qb1 Qa7 33. Qb4 Qc7 34. h4
Qd8 35. Qc5 Bb7 36. Be6 h5 37. Kg2 g6 38. Qb5 Qd6 39. Qe8+ Kg7 40. Qf7+ Kh8 41.
Qf8+ Kh7 42. Bg8+ Kh8 43. Bxd5+ 1-0